000 00708nam a2200241Ia 4500
003 OSt
005 20220918200501.0
006 a|||||r|||| 00| 0
007 ta
008 220917b |||||||| |||| 00| 0 eng d
024 _a88,996
037 _cTextual
040 _aARTS
_cARTS
_beng
041 _2eng
_aeng
082 _aU25, F8
100 _aFowler G Herbert
_994267
245 0 _aScience of the sea
_b an elementary handbook of practical oceanography for travellers, sailors, and yachtsmen, prepared by the Challenger Society ed by E J Allen
250 _a2nd
260 _c1928
650 _aGEOGRAPHY
942 _hU25, F8
_cTEXL
_2CC
999 _c212666
_d212666